000 00485nam a2200169Ia 4500
003 OSt
005 20200629122307.0
008 190216s9999||||xx |||||||||||||| ||und||
040 _coclc
082 _a934
_bBHA/H
100 _aBhattacharjee, Arun
_91756
245 0 _aHistory Of Ancient India /
_cArun Bhattacharjee
260 _bSterling Publications,
_c1982.
_aNew Delhi:
300 _a418p
650 _aHistory
942 _cBK
_2ddc
_h934
_iBHA/H
_k934
_mBHA/H
999 _c19413
_d19413